[Event "49th Bosna it"]
[Site "Sarajevo BIH"]
[Date "2019.04.28"]
[Round "2.47"]
[White "Beslija, Hana"]
[Black "Colpa, Fahrudin"]
[Result "0-1"]
[WhiteElo "1297"]
[BlackElo "1848"]
[EventDate "2019.04.27"]
[PlyCount "62"]

1.e4 Nc6 2.d4 d5 3.e5 Bf5 4.a3 f6 5.Bb5 fxe5 6.dxe5 e6 7.Nf3 Bc5 8.Nc3 Ne7
9.Bg5 O-O 10.Bxc6 bxc6 11.Bxe7 Qxe7 12.Na4 Bg4 13.Nxc5 Bxf3 14.gxf3 Qxc5 
15.Rg1 d4 16.Rg5 Rab8 17.Rb1 Rf4 18.Qe2 Qd5 19.b3 Qa5+ 20.Qd2 Qxd2+ 21.
Kxd2 Rxf3 22.Ke2 Rbf8 23.Rf1 h6 24.Rg3 R3f5 25.Rg4 Rxe5+ 26.Kd3 c5 27.b4 
Rf3+ 28.Kc4 Rc3+ 29.Kb5 cxb4+ 30.Kxb4 c5+ 31.Kb5 Rxc2 0-1

[Event "49th Bosna it"]
[Site "Sarajevo BIH"]
[Date "2019.04.28"]
[Round "3.2"]
[White "Savanovic, Aleksandar"]
[Black "Kozul, Zdenko"]
[Result "1-0"]
[WhiteElo "2423"]
[BlackElo "2589"]
[EventDate "2019.04.27"]
[PlyCount "87"]

1.e4 c5 2.Nf3 Nc6 3.d4 cxd4 4.Nxd4 Nf6 5.Nc3 d6 6.Bg5 e6 7.Qd2 a6 8.O-O-O 
Bd7 9.f4 b5 10.Bxf6 gxf6 11.Kb1 h5 12.Nxc6 Bxc6 13.Qe1 Qe7 14.Bd3 O-O-O 
15.a4 Qd7 16.Qe2 bxa4 17.Bxa6+ Kb8 18.Rd4 d5 19.exd5 exd5 20.Rhd1 Bc5 21.
Rxd5 Bxd5 22.Rxd5 Qc6 23.Bb5 Qc7 24.Bxa4 Rxd5 25.Nxd5 Qb7 26.Nxf6 Bd4 27.
Nd7+ Ka8 28.c3 Ba7 29.Ne5 Rc8 30.Bc2 Kb8 31.Be4 Qb3 32.Nc6+ Rxc6 33.Bxc6 
Kc7 34.Bf3 Bc5 35.Bxh5 f6 36.Bf3 Bd6 37.g3 Qb6 38.Kc2 Qg1 39.Be4 Bc5 40.b4
Be3 41.Kb3 Kd8 42.Qg2 Qa1 43.h4 Qe1 44.h5 1-0

[Event "49th Bosna it"]
[Site "Sarajevo BIH"]
[Date "2019.04.28"]
[Round "3.3"]
[White "Djukic, Nikola"]
[Black "Subelj, Jan"]
[Result "0-1"]
[WhiteElo "2566"]
[BlackElo "2407"]
[EventDate "2019.04.27"]
[PlyCount "48"]

1.e4 e5 2.Nf3 Nc6 3.Bb5 a6 4.Ba4 d6 5.Bxc6+ bxc6 6.d4 exd4 7.Nxd4 c5 8.Ne2
Nf6 9.Nbc3 Bb7 10.Ng3 g6 11.O-O Bg7 12.Bf4 O-O 13.e5 Nd5 14.Nxd5 dxe5 15.
Bxe5 Bxe5 16.Ne3 f5 17.Nc4 Bg7 18.Qd3 Qh4 19.Rad1 Rad8 20.Qe2 Rde8 21.Qd3 
f4 22.Qb3 Bc8 23.Ne2 f3 24.Ng3 Be6 0-1

[Event "49th Bosna it"]
[Site "Sarajevo BIH"]
[Date "2019.04.28"]
[Round "3.4"]
[White "Ozen, Deniz"]
[Black "Brkic, Ante"]
[Result "1/2-1/2"]
[WhiteElo "2403"]
[BlackElo "2560"]
[EventDate "2019.04.27"]
[PlyCount "71"]

1.e4 c5 2.Nf3 d6 3.Bb5+ Nd7 4.O-O a6 5.Bd3 Ngf6 6.c3 b5 7.Bc2 Bb7 8.Re1 c4
9.a4 e6 10.axb5 axb5 11.Rxa8 Qxa8 12.Na3 Bxe4 13.Bxe4 Nxe4 14.Nxb5 Qb7 15.
d3 cxd3 16.Qxd3 d5 17.Be3 Bc5 18.c4 Bxe3 19.Qxe3 O-O 20.cxd5 Qxb5 21.Qxe4 
Nf6 22.Qc2 Nxd5 23.h3 Rb8 24.Rb1 Qb3 25.Qxb3 Rxb3 26.Nd4 Rb7 27.b3 Kf8 28.
Kf1 Ke7 29.g3 Kd6 30.Rb2 Kc5 31.Nc2 Rd7 32.Ra2 Nc3 33.Ra8 Ne4 34.Ke2 Kb6 
35.Rc8 Nd6 36.Rh8 1/2-1/2

[Event "49th Bosna it"]
[Site "Sarajevo BIH"]
[Date "2019.04.28"]
[Round "3.5"]
[White "Kadric, Denis"]
[Black "Borsuk, Konstantin"]
[Result "1-0"]
[WhiteElo "2542"]
[BlackElo "2368"]
[EventDate "2019.04.27"]
[PlyCount "75"]

1.e4 c6 2.d4 d5 3.e5 Bf5 4.h4 h5 5.c4 e6 6.Nc3 Nd7 7.cxd5 cxd5 8.Bd3 Bxd3 
9.Qxd3 a6 10.Nf3 Be7 11.Bg5 Nh6 12.O-O Nb8 13.Rac1 Nc6 14.Na4 Bxg5 15.hxg5
Nf5 16.Nc5 Qe7 17.Rc3 O-O 18.Rfc1 Rfc8 19.Qd2 g6 20.Na4 Qd8 21.Nc5 Qe7 22.
Rb3 Rc7 23.Rbc3 Rac8 24.g3 Na7 25.a4 Nc6 26.R3c2 a5 27.Nb3 Qd8 28.Rc5 Nfe7
29.R5c3 b6 30.g4 hxg4 31.Nh2 Nb4 32.Nxg4 Rxc3 33.Rxc3 Kg7 34.Nf6 Qh8 35.
Kg2 Nf5 36.Rh3 Nh4+ 37.Kg3 Nf5+ 38.Kh2 1-0

[Event "49th Bosna it"]
[Site "Sarajevo BIH"]
[Date "2019.04.28"]
[Round "3.6"]
[White "Burovic, Rijad"]
[Black "Sadikhov, Ulvi"]
[Result "0-1"]
[WhiteElo "2393"]
[BlackElo "2479"]
[EventDate "2019.04.27"]
[PlyCount "154"]

1.e4 Nc6 2.d4 d5 3.exd5 Qxd5 4.Nf3 Bg4 5.Be2 O-O-O 6.Be3 Qh5 7.Nbd2 Nf6 8.
c4 e5 9.d5 Nd4 10.Nxd4 exd4 11.Bxd4 Bxe2 12.Qxe2 Re8 13.Be3 Qg6 14.Qf3 Ng4
15.O-O-O Ne5 16.Qg3 Qf5 17.Qh3 Qxh3 18.gxh3 Bb4 19.b3 a6 20.Kc2 Kd7 21.
Rde1 Bxd2 22.Bxd2 Nf3 23.Re3 Nd4+ 24.Kd3 Nf5 25.Rxe8 Rxe8 26.Re1 Rxe1 27.
Bxe1 c5 28.Ba5 Kd6 29.Ke4 Ne7 30.Bc3 f6 31.h4 h5 32.Bd2 Ng6 33.Bf4+ Kd7 
34.Bg3 Ne7 35.f3 g6 36.Bf2 Kd6 37.Bg3+ Kd7 38.Bf2 Kd6 39.a3 a5 40.Bg3+ Kd7
41.Be1 b6 42.Bc3 Ng8 43.f4 Nh6 44.Bxf6 Nf5 45.Kd3 Nd6 46.Bc3 Nf5 47.Be1 
Kd6 48.Bf2 Ne7 49.b4 a4 50.bxc5+ bxc5 51.Ke4 Nf5 52.Kf3 Ne7 53.Ke4 Nf5 54.
Bg3 Ke7 55.Be1 Nd6+ 56.Kd3 Nf5 57.Bf2 Kd6 58.Ke4 Ne7 59.f5 gxf5+ 60.Kf4 
Nc8 61.Kxf5 Nb6 62.Bg3+ Kd7 63.Bf2 Kd6 64.Bg3+ Kd7 65.Kg6 Nxc4 66.Kxh5 
Nxa3 67.Be5 Nb5 68.Ba1 c4 69.Kg6 c3 70.Bxc3 Nxc3 71.h5 Nxd5 72.h6 Nf6 73.
Kxf6 a3 74.h7 a2 75.Kf7 a1=Q 76.Kg8 Qa8+ 77.Kg7 Qg2+ 0-1

[Event "49th Bosna it"]
[Site "Sarajevo BIH"]
[Date "2019.04.28"]
[Round "3.7"]
[White "Jakovljevic, Vlado"]
[Black "Kjartansson, Gudmundur"]
[Result "1-0"]
[WhiteElo "2356"]
[BlackElo "2444"]
[EventDate "2019.04.27"]
[PlyCount "119"]

1.Nf3 d5 2.d4 Nf6 3.c4 e6 4.Nc3 c6 5.e3 Nbd7 6.Be2 dxc4 7.a4 Be7 8.Bxc4 
O-O 9.O-O b6 10.Qe2 Bb7 11.e4 a6 12.e5 Nd5 13.Nxd5 cxd5 14.Bd3 Nb8 15.Bd2 
Nc6 16.Rac1 Qd7 17.Bb1 Rfc8 18.h4 Qd8 19.Qd3 g6 20.Ng5 a5 21.Rfe1 Ba6 22.
Qf3 Qe8 23.Qg4 h5 24.Qf4 Bxg5 25.hxg5 Nb4 26.Bxb4 axb4 27.Qf6 Ra7 28.Rxc8 
Qxc8 29.Qf4 Bc4 30.g4 hxg4 31.Kg2 Qd8 32.Qxg4 b3 33.Rh1 Qf8 34.Rh6 Kg7 35.
Kg3 Rxa4 36.Qh4 Qg8 37.Qf4 Qd8 38.Qh4 Qg8 39.Qf4 Qd8 40.Rh1 Ra8 41.Kf3 b5 
42.Ke3 Rc8 43.Rh6 Ra8 44.Qf6+ Qxf6 45.exf6+ Kg8 46.Bxg6 fxg6 47.Rxg6+ Kf8 
48.Rh6 Kf7 49.Rh7+ Kg6 50.Rg7+ Kf5 51.f7 Rf8 52.g6 Kf6 53.Rg8 Ke7 54.Kf4 
Bd3 55.Kg5 e5 56.dxe5 d4 57.Rxf8 Kxf8 58.Kf6 Bxg6 59.Kxg6 d3 60.Kf6 1-0

[Event "49th Bosna it"]
[Site "Sarajevo BIH"]
[Date "2019.04.28"]
[Round "3.8"]
[White "Bistric, Faruk"]
[Black "Nestorovic, Nikola"]
[Result "0-1"]
[WhiteElo "2347"]
[BlackElo "2473"]
[EventDate "2019.04.27"]
[PlyCount "98"]

1.f4 d5 2.Nf3 g6 3.g3 Bg7 4.Bg2 c6 5.O-O Qb6+ 6.Kh1 Bxb2 7.Bxb2 Qxb2 8.Nc3
Nf6 9.Rb1 Qa3 10.Qe1 Nbd7 11.d3 Qd6 12.e4 dxe4 13.Nxe4 Nxe4 14.dxe4 e5 15.
Qc3 f6 16.Rbd1 Qe7 17.Qa5 exf4 18.gxf4 O-O 19.Qc7 Re8 20.e5 fxe5 21.Ng5 
Nb6 22.Qxe7 Rxe7 23.Rd8+ Kg7 24.fxe5 Bf5 25.Rxa8 Nxa8 26.Be4 Rxe5 27.Bxf5 
Rxf5 28.Rxf5 gxf5 29.Ne6+ Kf6 30.Nd8 b5 31.Nxc6 a6 32.Kg2 Nc7 33.Kf3 Nd5 
34.a3 Kg5 35.Nb8 a5 36.Nc6 a4 37.Nd4 b4 38.axb4 Nxb4 39.c3 Nd5 40.Nb5 Nb6 
41.Na3 Kf6 42.c4 Nd7 43.Kf4 Nc5 44.Nb5 Ne6+ 45.Kf3 Ke5 46.Ke3 f4+ 47.Kd3 
Nc5+ 48.Kc3 f3 49.Kd2 Ke4 0-1

[Event "49th Bosna it"]
[Site "Sarajevo BIH"]
[Date "2019.04.28"]
[Round "3.9"]
[White "Klasan, Vladimir"]
[Black "Maksimovic, Bojan"]
[Result "0-1"]
[WhiteElo "2366"]
[BlackElo "2288"]
[EventDate "2019.04.27"]
[PlyCount "88"]

1.e4 g6 2.d4 Bg7 3.Nc3 d6 4.Be3 a6 5.Qd2 b5 6.a4 b4 7.Nd1 a5 8.c3 Nf6 9.f3
bxc3 10.bxc3 O-O 11.Bd3 e5 12.Ne2 exd4 13.cxd4 Nc6 14.O-O Nb4 15.Nf2 Re8 
16.Rfc1 c6 17.Nc3 Be6 18.Bf1 Nd7 19.Nd3 Nb6 20.Nb2 Rb8 21.Ncd1 Qd7 22.Nf2 
d5 23.e5 Bf8 24.Bh6 Be7 25.Qf4 Qd8 26.Nfd3 Nd7 27.Nxb4 Rxb4 28.Nd3 Rc4 29.
Rxc4 dxc4 30.Nb2 Nb6 31.Qc1 c5 32.dxc5 Bxc5+ 33.Be3 Qc7 34.f4 Nd5 35.Bxc5 
Qxc5+ 36.Kh1 c3 37.Nc4 Rb8 38.Nd6 Qd4 39.f5 c2 40.fxe6 Qxa1 41.exf7+ Kg7 
42.Ne8+ Kxf7 43.e6+ Kxe6 44.Nc7+ Kf7 0-1

[Event "49th Bosna it"]
[Site "Sarajevo BIH"]
[Date "2019.04.28"]
[Round "3.10"]
[White "Vajic, Goran"]
[Black "Tomic, Aleksandar"]
[Result "1-0"]
[WhiteElo "2280"]
[BlackElo "2357"]
[EventDate "2019.04.27"]
[PlyCount "47"]

1.e4 c5 2.Nc3 a6 3.f4 b5 4.Be2 Bb7 5.Bf3 e6 6.Nge2 Nf6 7.d3 b4 8.Na4 Qa5 
9.b3 d5 10.e5 Nfd7 11.O-O Be7 12.Bb2 Nc6 13.f5 Ncxe5 14.Nf4 O-O 15.fxe6 
fxe6 16.Bg4 d4 17.Bxe6+ Kh8 18.Qh5 Rf6 19.Bxd7 Nxd7 20.Bxd4 Rd6 21.Be5 
Nxe5 22.Qxe5 Rd7 23.Rae1 Qd8 24.Ne6 1-0

[Event "49th Bosna it"]
[Site "Sarajevo BIH"]
[Date "2019.04.28"]
[Round "3.11"]
[White "Bucan, Eldin"]
[Black "Sutkovic, Damir"]
[Result "1/2-1/2"]
[WhiteElo "2135"]
[BlackElo "2350"]
[EventDate "2019.04.27"]
[PlyCount "85"]

1.e4 c6 2.d4 d5 3.e5 Bf5 4.Ne2 e6 5.Ng3 Bg6 6.h4 h5 7.Nd2 c5 8.c3 Nc6 9.
Bb5 Qb6 10.Bxc6+ Qxc6 11.Nf3 Ne7 12.O-O c4 13.Bg5 Bd3 14.Re1 Nf5 15.Nxf5 
Bxf5 16.Qd2 Rc8 17.Nh2 a6 18.Re3 Qa4 19.Nf1 Qc2 20.Re2 Qxd2 21.Rxd2 b5 22.
Ne3 Bg6 23.a3 a5 24.f4 Be4 25.Rf2 Bf5 26.Kh2 Rc6 27.g4 hxg4 28.Kg3 Be7 29.
Bxe7 Kxe7 30.Nxg4 Bxg4 31.Kxg4 g6 32.Rh2 Rb6 33.h5 Rxh5 34.Rxh5 gxh5+ 35.
Kxh5 Rb8 36.Kg4 Rg8+ 37.Kf3 Rh8 38.Kg3 Rg8+ 39.Kf3 Rh8 40.Kg3 Rg8+ 41.Kf3 
Rh8 42.Kg3 Rg8+ 43.Kf3 1/2-1/2

[Event "49th Bosna it"]
[Site "Sarajevo BIH"]
[Date "2019.04.28"]
[Round "3.12"]
[White "Strinic, Halid"]
[Black "Buljubasic, Sabahudin"]
[Result "0-1"]
[WhiteElo "2124"]
[BlackElo "2347"]
[EventDate "2019.04.27"]
[PlyCount "68"]

1.e4 c5 2.Nf3 e6 3.d4 cxd4 4.Nxd4 a6 5.c4 Nf6 6.Bd3 Qc7 7.O-O Be7 8.Nc3 
O-O 9.Be3 b6 10.f4 d6 11.g4 Re8 12.g5 Nfd7 13.Qh5 g6 14.Qh4 Nc6 15.Rf3 h5 
16.Rc1 Bb7 17.Nd5 exd5 18.Ne6 fxe6 19.cxd5 Nc5 20.Bb1 Bf8 21.dxc6 Bc8 22.
b4 Na4 23.e5 Qf7 24.Rf2 d5 25.a3 Rd8 26.Rd2 a5 27.Rd4 axb4 28.axb4 Ba6 29.
Qf2 Bb5 30.Qc2 Kg7 31.c7 Rdc8 32.Rxd5 exd5 33.e6 Qxe6 34.Re1 Kh7 0-1

[Event "49th Bosna it"]
[Site "Sarajevo BIH"]
[Date "2019.04.28"]
[Round "3.13"]
[White "Miftari, Hedon"]
[Black "Pastar, Slaven"]
[Result "0-1"]
[WhiteElo "1621"]
[BlackElo "2295"]
[EventDate "2019.04.27"]
[PlyCount "62"]

1.c4 b6 2.Nc3 Bb7 3.Nf3 e6 4.g3 Nf6 5.Bg2 Bb4 6.O-O Bxc3 7.bxc3 O-O 8.a4 
a5 9.c5 bxc5 10.Rb1 Bc6 11.Ne5 Bxg2 12.Kxg2 d6 13.Nf3 Nbd7 14.Qc2 Nb6 15.
e4 c4 16.Ba3 Re8 17.Nd4 Qd7 18.Rb5 e5 19.Nf5 Qc6 20.f3 Nfd7 21.Ne3 Nxa4 
22.Rfb1 Nab6 23.Nd5 g6 24.Qa2 Kg7 25.Bc1 f5 26.Rxa5 Nxd5 27.exd5 Qxd5 28.
Rxd5 Rxa2 29.Rb7 Rc8 30.Kf2 Nc5 31.Rb1 Kf6 0-1

[Event "49th Bosna it"]
[Site "Sarajevo BIH"]
[Date "2019.04.28"]
[Round "3.14"]
[White "Jovovic, Milan"]
[Black "Arapovic, Vitomir"]
[Result "0-1"]
[WhiteElo "2065"]
[BlackElo "2331"]
[EventDate "2019.04.27"]
[PlyCount "74"]

1.d4 g6 2.Bf4 Bg7 3.Nc3 d6 4.Qd2 Nc6 5.Nf3 Bg4 6.e3 e5 7.Bg5 f6 8.Bh4 Bxf3
9.gxf3 exd4 10.Nb5 Nge7 11.Nxd4 Nxd4 12.Qxd4 O-O 13.e4 Kh8 14.f4 f5 15.Qd2
fxe4 16.O-O-O Qe8 17.Re1 Nf5 18.Bg3 c6 19.Bh3 Qf7 20.Kb1 d5 21.c3 b5 22.f3
exf3 23.Qd3 b4 24.Qxf3 bxc3 25.bxc3 Qb7+ 26.Ka1 Qb4 27.Rc1 Rab8 28.Rc2 Qa3
29.Bxf5 Rxf5 30.Rb1 Rxb1+ 31.Kxb1 Rf8 32.Ka1 d4 33.Qe2 dxc3 34.Be1 Rxf4 
35.Qe6 Qf8 36.Bxc3 Rf1+ 37.Kb2 Qb4+ 0-1

[Event "49th Bosna it"]
[Site "Sarajevo BIH"]
[Date "2019.04.28"]
[Round "3.15"]
[White "Obad, Andrija"]
[Black "Kanyamarala, Trisha"]
[Result "0-1"]
[WhiteElo "2319"]
[BlackElo "2028"]
[EventDate "2019.04.27"]
[PlyCount "70"]

1.e4 c5 2.Nf3 d6 3.d4 cxd4 4.Nxd4 Nf6 5.Nc3 Nc6 6.Bg5 e6 7.Qd2 a6 8.O-O-O 
Bd7 9.f4 b5 10.Bxf6 gxf6 11.Kb1 Qb6 12.Nxc6 Bxc6 13.f5 b4 14.Ne2 e5 15.Ng3
h5 16.Bc4 h4 17.Nf1 Qc5 18.Qd3 Bh6 19.Nd2 Bb5 20.Qb3 Ra7 21.Bd5 Rc7 22.Ka1
a5 23.a3 bxa3 24.c4 axb2+ 25.Kb1 Bd7 26.Nf3 a4 27.Qxb2 Ke7 28.Ka2 a3 29.
Qb3 Qf2+ 30.Ka1 Ba4 31.Qa2 Qe3 32.Rc1 Rb8 33.Rhe1 Qd3 34.c5 Bxc1 35.Rxc1 
Rxc5 0-1

[Event "49th Bosna it"]
[Site "Sarajevo BIH"]
[Date "2019.04.28"]
[Round "3.16"]
[White "Sadikovic, Jasmin"]
[Black "Trkulja, Goran"]
[Result "1/2-1/2"]
[WhiteElo "2031"]
[BlackElo "2309"]
[EventDate "2019.04.27"]
[PlyCount "198"]

1.e4 e6 2.d4 d5 3.exd5 exd5 4.Bd3 Nc6 5.c3 Bd6 6.Qe2+ Nge7 7.Qc2 Bg4 8.Ne2
Qd7 9.h3 Bf5 10.Bf4 Bg6 11.Nd2 O-O-O 12.O-O-O f6 13.Bxd6 Qxd6 14.Nb3 b6 
15.g3 Rde8 16.Nf4 Bxd3 17.Qxd3 Qd7 18.Rde1 Nd8 19.g4 Qd6 20.Qf3 c6 21.Re3 
Ng6 22.Nh5 Nh4 23.Qe2 Rxe3 24.Qxe3 g6 25.Nf4 Kd7 26.Nd3 g5 27.Qg3 Ne6 28.
Nd2 Ng6 29.Qxd6+ Kxd6 30.Nf1 h5 31.Ng3 h4 32.Nf5+ Kd7 33.Kd2 Ngf4 34.Ne3 
Nxd3 35.Kxd3 Nf4+ 36.Kd2 Re8 37.Rh2 c5 38.f3 a5 39.Nf5 a4 40.Ng7 Rc8 41.
Nf5 c4 42.Ne3 Re8 43.Nc2 Kd6 44.Ne1 b5 45.a3 Re7 46.Kd1 Rf7 47.Ng2 Nd3 48.
Ne1 Nf4 49.Ng2 Ng6 50.Rh1 f5 51.gxf5 Rxf5 52.Ke2 Rf8 53.Kf2 Rg8 54.Re1 Nf4
55.Nxf4 gxf4 56.Rg1 Rg3 57.Rh1 Kc6 58.Rh2 Kd7 59.Rh1 Kd6 60.Rh2 Ke6 61.Rh1
Kf5 62.Rh2 Kf6 63.Rh1 Ke7 64.Re1+ Kd6 65.Rh1 Kc7 66.Rh2 Kb6 67.Rh1 b4 68.
axb4 Kb5 69.Rh2 a3 70.bxa3 Ka4 71.Rh1 Kb3 72.b5 Rg6 73.a4 Kxa4 74.Rb1 Ka5 
75.Ra1+ Kxb5 76.Rb1+ Kc6 77.Ra1 Rg3 78.Ra6+ Kb5 79.Rf6 Rxh3 80.Rxf4 Rh2+ 
81.Ke3 Rc2 82.Rxh4 Rxc3+ 83.Kf4 Rd3 84.Ke5 c3 85.Rh8 Kc4 86.Rc8+ Kb3 87.
Rb8+ Kc2 88.Kxd5 Kd2 89.Ke5 c2 90.Rb2 Re3+ 91.Kd6 Rxf3 92.d5 Kc3 93.Rxc2+ 
Kxc2 94.Ke7 Re3+ 95.Kf6 Rd3 96.Ke6 Kc3 97.d6 Kc4 98.d7 Kc5 99.Ke7 Rxd7+ 
1/2-1/2

[Event "49th Bosna it"]
[Site "Sarajevo BIH"]
[Date "2019.04.28"]
[Round "3.17"]
[White "Hodzic, Nihad"]
[Black "Sabic, Muris"]
[Result "1-0"]
[WhiteElo "2296"]
[BlackElo "1963"]
[EventDate "2019.04.27"]
[PlyCount "71"]

1.d4 Nf6 2.c4 e6 3.Nc3 Bb4 4.f3 c5 5.a3 Bxc3+ 6.bxc3 Nh5 7.g3 f5 8.e4 O-O 
9.Bd3 f4 10.Ne2 fxg3 11.hxg3 g6 12.f4 d5 13.Be3 Nc6 14.Qc2 dxc4 15.Bxc4 
Na5 16.Ba2 c4 17.Bb1 Nb3 18.Ra2 Rf7 19.Bf2 Bd7 20.Ng1 Ba4 21.Qd1 Qa5 22.
Qf3 Rd8 23.Ne2 e5 24.O-O exf4 25.gxf4 Rdf8 26.Be3 Bd7 27.f5 Qd8 28.Bh6 Re8
29.Ng3 Qh4 30.Nxh5 Qxh5 31.Qxh5 gxh5 32.e5 Bc6 33.e6 Rc7 34.Re2 Kh8 35.f6 
Rg8+ 36.Kh2 1-0

[Event "49th Bosna it"]
[Site "Sarajevo BIH"]
[Date "2019.04.28"]
[Round "3.18"]
[White "Karaoglan, Kivanc"]
[Black "Galic, Zeljko"]
[Result "1/2-1/2"]
[WhiteElo "2001"]
[BlackElo "2293"]
[EventDate "2019.04.27"]
[PlyCount "50"]

1.e4 c5 2.Nf3 e6 3.c3 d5 4.exd5 Qxd5 5.d4 Nf6 6.Be2 cxd4 7.cxd4 Nc6 8.Nc3 
Qd8 9.O-O Be7 10.Bg5 O-O 11.a3 b6 12.Rc1 Bb7 13.Bxf6 Bxf6 14.d5 exd5 15.
Qxd5 Qe7 16.Ne4 Rad8 17.Nxf6+ Qxf6 18.Qa2 Ne5 19.Nxe5 Qxe5 20.Rfe1 Qg5 21.
Bf1 Rd2 22.Rcd1 Rfd8 23.Rxd2 Qxd2 24.Qb1 g6 25.Qc1 Qxc1 1/2-1/2

[Event "49th Bosna it"]
[Site "Sarajevo BIH"]
[Date "2019.04.28"]
[Round "3.19"]
[White "Hadzovic, Amir"]
[Black "Dedic, Nedzad"]
[Result "1-0"]
[WhiteElo "2258"]
[BlackElo "1932"]
[EventDate "2019.04.27"]
[PlyCount "65"]

1.e4 e6 2.Nf3 d5 3.e5 c5 4.g3 Bd7 5.Bg2 Nc6 6.O-O Qc7 7.Re1 Nge7 8.d3 Ng6 
9.Qe2 Rc8 10.c4 Nge7 11.Nc3 a6 12.Bf4 Nd4 13.Nxd4 cxd4 14.Nxd5 Qd8 15.Nxe7
Bxe7 16.Bxb7 Rb8 17.Be4 g5 18.Bc1 h5 19.h3 a5 20.b3 Qc7 21.Bg2 a4 22.Bd2 
axb3 23.axb3 Rxb3 24.Ra8+ Rb8 25.Rxb8+ Qxb8 26.Ra1 Bc8 27.Ra8 Qc7 28.Qf3 
O-O 29.Qxh5 Qxe5 30.Ra5 Qb8 31.Bxg5 Qb1+ 32.Kh2 Bd8 33.Bxd8 1-0

[Event "49th Bosna it"]
[Site "Sarajevo BIH"]
[Date "2019.04.28"]
[Round "3.20"]
[White "Selimovic, Amir"]
[Black "Trumic, Enes"]
[Result "0-1"]
[WhiteElo "1972"]
[BlackElo "2241"]
[EventDate "2019.04.27"]
[PlyCount "98"]

1.e4 d6 2.d4 g6 3.Nf3 Bg7 4.Bd3 c5 5.O-O cxd4 6.Nxd4 Nf6 7.c4 O-O 8.Nc3 
Na6 9.Nde2 Be6 10.Nf4 Nc5 11.Nxe6 fxe6 12.Be3 Nxd3 13.Qxd3 Ng4 14.Bd4 Ne5 
15.Bxe5 Bxe5 16.b3 Qa5 17.Rac1 Rf7 18.Rc2 Raf8 19.Qh3 Bd4 20.Nd1 Qe5 21.
Qd3 Rf4 22.Re2 Bc5 23.Kh1 g5 24.Qg3 Kh8 25.Nb2 Rxe4 26.Qxe5+ Rxe5 27.Rxe5 
dxe5 28.Nd3 Bd4 29.Re1 Kg7 30.f3 Kf6 31.g4 Rc8 32.Kg2 a5 33.Nf2 a4 34.Ne4+
Kg6 35.Rb1 axb3 36.Rxb3 b6 37.Nd2 Ra8 38.a3 Ra4 39.Kf1 Bc5 40.Ke2 Ra6 41.
Nb1 e4 42.fxe4 Kf6 43.Rh3 Ke5 44.Nd2 Rxa3 45.Rxa3 Bxa3 46.Nf3+ Kf4 47.h3 
e5 48.Kf2 h6 49.Ng1 Bc5+ 0-1

[Event "49th Bosna it"]
[Site "Sarajevo BIH"]
[Date "2019.04.28"]
[Round "3.21"]
[White "Mrndjic, Muamer"]
[Black "Vujicic, Dragisa"]
[Result "1-0"]
[WhiteElo "2239"]
[BlackElo "1922"]
[EventDate "2019.04.27"]
[PlyCount "41"]

1.e4 e5 2.Nf3 Nc6 3.d4 exd4 4.Bc4 Nf6 5.e5 d5 6.Bb5 Ne4 7.Nxd4 Bc5 8.O-O 
O-O 9.Nxc6 bxc6 10.Bxc6 Ba6 11.Qxd5 Bxf1 12.Qxe4 Qd1 13.Nc3 Bd3+ 14.Nxd1 
Bxe4 15.Bxe4 Rad8 16.Be3 Bd4 17.Bxd4 Rxd4 18.Nc3 Re8 19.Re1 g5 20.g3 Kg7 
21.Bd3 1-0

[Event "49th Bosna it"]
[Site "Sarajevo BIH"]
[Date "2019.04.28"]
[Round "3.22"]
[White "Zenelaj, Samuel"]
[Black "Rasidovic, Sead"]
[Result "1/2-1/2"]
[WhiteElo "1916"]
[BlackElo "2225"]
[EventDate "2019.04.27"]
[PlyCount "157"]

1.e4 e6 2.d4 d5 3.exd5 exd5 4.Nf3 Bd6 5.Nc3 c6 6.Bd3 Bg4 7.h3 Bh5 8.g4 Bg6
9.Bg5 f6 10.Qe2+ Ne7 11.Bxg6+ hxg6 12.Bd2 Nd7 13.O-O-O Qc7 14.Rde1 O-O-O 
15.h4 Nf8 16.Rh3 Kb8 17.Ng1 Nc8 18.Qf3 Nb6 19.b3 Nc8 20.Nb1 Qf7 21.Qe2 Nd7
22.h5 gxh5 23.gxh5 Rh7 24.Qe6 Qxe6 25.Rxe6 Bc7 26.h6 g5 27.Ne2 Rdh8 28.Kb2
Nd6 29.Ng3 b6 30.f4 g4 31.Rh4 f5 32.Nc3 Rf7 33.Re1 Nf6 34.Re6 Kc8 35.Nd1 
Kd7 36.Re2 Ng8 37.Reh2 Rfh7 38.Ne3 Ke6 39.Rh5 Nf6 40.Rg5 Rxh6 41.Rxh6 Rxh6
42.Ngxf5 Nxf5 43.Nxf5 Rh2 44.Bc1 Rh1 45.Bd2 Rd1 46.Be3 Re1 47.Bd2 Re2 48.
Bc1 Re4 49.Ng7+ Kf7 50.f5 Bd6 51.Ne6 Ne8 52.Rg6 Be7 53.Bf4 c5 54.Rxg4 cxd4
55.Rg3 Bf6 56.Ng5+ Bxg5 57.Bxg5 Ng7 58.Rf3 Re5 59.f6 Ne6 60.Bh4 Re4 61.Bf2
Nf4 62.Bg3 Nh5 63.Bb8 a6 64.Ba7 Re6 65.Rd3 Nxf6 66.Rxd4 b5 67.a4 bxa4 68.
Rxa4 Rc6 69.c4 dxc4 70.Rxc4 Re6 71.b4 Nd5 72.Bc5 Rc6 73.Re4 a5 74.Ka3 
axb4+ 75.Bxb4 Ra6+ 76.Kb3 Rb6 77.Ka3 Nxb4 78.Rxb4 Rxb4 79.Kxb4 1/2-1/2

[Event "49th Bosna it"]
[Site "Sarajevo BIH"]
[Date "2019.04.28"]
[Round "3.23"]
[White "Aleksic, Neven"]
[Black "Culum, Sanjin"]
[Result "1-0"]
[WhiteElo "2184"]
[BlackElo "1864"]
[EventDate "2019.04.27"]
[PlyCount "119"]

1.d4 Nf6 2.c4 e6 3.Nf3 d5 4.cxd5 exd5 5.Nc3 c6 6.Bg5 Be7 7.Qc2 Nbd7 8.e3 
O-O 9.Bd3 Re8 10.O-O Nf8 11.Rab1 h6 12.Bh4 b6 13.Ne5 Bb7 14.b4 Ne6 15.Qe2 
Qc8 16.Rfc1 Qd8 17.a4 a5 18.bxa5 Rxa5 19.Qb2 b5 20.axb5 Ba3 21.Qc2 Bxc1 
22.bxc6 Ba8 23.Qxc1 Nc7 24.h3 Qd6 25.Bg3 Qe6 26.Qc2 Qe7 27.Nd7 Ne6 28.
Nxf6+ gxf6 29.Bb5 Nc7 30.Bxc7 Qxc7 31.Nxd5 Qd6 32.Qf5 Re6 33.c7 Bb7 34.Bc4
Qc6 35.Rxb7 Qxb7 36.Qxe6 fxe6 37.c8=Q+ Qxc8 38.Ne7+ Kf7 39.Nxc8 Ra1+ 40.
Bf1 Rc1 41.Nd6+ Ke7 42.Nc4 Ra1 43.g4 Kf7 44.Kg2 Ra8 45.f4 Ra2+ 46.Kg3 Ra1 
47.Be2 Re1 48.Kf2 Rc1 49.f5 e5 50.dxe5 fxe5 51.Nxe5+ Kf6 52.Nf3 h5 53.e4 
hxg4 54.hxg4 Rc3 55.e5+ Kg7 56.g5 Rc5 57.Bd3 Rc6 58.f6+ Kf7 59.g6+ Kf8 60.
g7+ 1-0

[Event "49th Bosna it"]
[Site "Sarajevo BIH"]
[Date "2019.04.28"]
[Round "3.24"]
[White "Pistalovic, Slobodan"]
[Black "Abdic, Adnan"]
[Result "1-0"]
[WhiteElo "1865"]
[BlackElo "2177"]
[EventDate "2019.04.27"]
[PlyCount "77"]

1.e4 c5 2.Nc3 d6 3.f4 e6 4.Nf3 Nf6 5.Bb5+ Bd7 6.Bxd7+ Nbxd7 7.O-O Be7 8.d3
O-O 9.Qe1 Ne8 10.Kh1 g6 11.Bd2 Ng7 12.Qf2 Qc7 13.Rad1 b5 14.Nxb5 Qb6 15.a4
a6 16.Nc3 Qxb2 17.Rb1 Qxc2 18.Ne1 Qxb1 19.Nxb1 Rab8 20.Na3 Rb2 21.Nc4 Ra2 
22.Qe2 Re8 23.Qd1 Rb8 24.Nf3 d5 25.exd5 exd5 26.Na5 Bf6 27.Nc6 Rbb2 28.Bc1
Rb1 29.Nd2 Rba1 30.Nb3 Rb1 31.Qf3 Nf5 32.g4 Nh4 33.Qxd5 Nb6 34.Qd6 Bc3 35.
Qd8+ Kg7 36.Qxb6 Bb2 37.Qd8 Bf6 38.Qd5 Bb2 39.Nd2 1-0

[Event "49th Bosna it"]
[Site "Sarajevo BIH"]
[Date "2019.04.28"]
[Round "3.25"]
[White "Sitnic, Adnan"]
[Black "Colpa, Husein"]
[Result "1-0"]
[WhiteElo "2174"]
[BlackElo "1854"]
[EventDate "2019.04.27"]
[PlyCount "65"]

1.e4 c5 2.f4 e5 3.Nf3 exf4 4.Bc4 Nc6 5.d3 g5 6.h4 Bh6 7.Nxg5 Bxg5 8.Qh5 
Ne5 9.Qxg5 Qxg5 10.hxg5 f3 11.gxf3 Nxf3+ 12.Kf2 Ne5 13.Bf4 d6 14.Nc3 Ne7 
15.Ke3 N7g6 16.Bg3 Be6 17.Bd5 O-O-O 18.a3 a6 19.b4 b6 20.Rab1 Kc7 21.bxc5 
dxc5 22.d4 cxd4+ 23.Kxd4 Rhe8 24.a4 b5 25.axb5 Kb6 26.bxa6+ Kc7 27.Rb7+ 
Kc8 28.Rhb1 Bxd5 29.Nxd5 Nf3+ 30.Kc5 Rxd5+ 31.exd5 Nfe5 32.Rb8+ Kc7 33.
R1b7# 1-0

[Event "49th Bosna it"]
[Site "Sarajevo BIH"]
[Date "2019.04.28"]
[Round "3.26"]
[White "Colpa, Fahrudin"]
[Black "Marn, Jan"]
[Result "0-1"]
[WhiteElo "1848"]
[BlackElo "2150"]
[EventDate "2019.04.27"]
[PlyCount "112"]

1.e4 e5 2.Nc3 Nf6 3.Nf3 Nc6 4.d4 exd4 5.Nxd4 Bb4 6.Nxc6 bxc6 7.Bd2 Qe7 8.
f3 d5 9.Bd3 dxe4 10.Nxe4 Nxe4 11.fxe4 Bc5 12.Qh5 O-O 13.O-O-O Rb8 14.Bc3 
Be6 15.a3 Be3+ 16.Bd2 Bd4 17.c3 Bc5 18.b4 Bb6 19.e5 g6 20.Qh6 Bg4 21.Rde1 
Qe6 22.h3 Bf5 23.Bxf5 Qxf5 24.Rhf1 Qe6 25.Rf4 Qa2 26.Rh4 Qxa3+ 27.Kd1 Qa4+
28.Ke2 Qb5+ 29.Kf3 Qd3+ 30.Be3 Qd5+ 31.Kf4 Rfe8 32.Qxh7+ Kf8 33.Qh8+ Ke7 
34.Qf6+ Kd7 35.Rh7 g5+ 36.Qxg5 Kc8 37.Qf5+ Kb7 38.Bxb6 axb6 39.Rxf7 Qxg2 
40.Re3 Rbd8 41.Qh7 Rd2 42.Rxc7+ Ka6 43.Ra7+ Kb5 44.c4+ Kxb4 45.Ra5 bxa5 
46.Qb7+ Kxc4 47.Qa6+ Kd5 48.Rd3+ Ke6 49.Qc4+ Ke7 50.Qc5+ Kf7 51.Rf3 Re2 
52.Qxc6 R2xe5 53.Qb7+ Kf8 54.h4 Re4+ 55.Qxe4 Rxe4+ 56.Kxe4+ Qxf3+ 0-1

[Event "49th Bosna it"]
[Site "Sarajevo BIH"]
[Date "2019.04.28"]
[Round "3.27"]
[White "Alihodzic, Muzafer"]
[Black "Lakota, Izet"]
[Result "1-0"]
[WhiteElo "2147"]
[BlackElo "1750"]
[EventDate "2019.04.27"]
[PlyCount "33"]

1.e4 g6 2.g3 Bg7 3.Bg2 d6 4.Ne2 Nc6 5.h3 e5 6.O-O Nf6 7.Nbc3 Be6 8.f4 Qc8 
9.Kh2 O-O 10.d3 Nh5 11.f5 gxf5 12.exf5 Bxf5 13.g4 Bxg4 14.hxg4 Qxg4 15.Bh3
Qh4 16.Ne4 f5 17.Bg5 1-0